| 000 | 01239nam0a22003371 4500 | ||
|---|---|---|---|
| 001 | RU\NLR\BIBL_A\012815110 | ||
| 005 | 20260408084128.0 | ||
| 035 | _a(NLR Aleph) 012815110 | ||
| 090 |
_a13219784 _c13219784 |
||
| 100 | _a20220609d1913 |||y0rusy50 ca | ||
| 101 | 0 | _arus | |
| 102 | _aRU | ||
| 105 | _ay z |||a| | ||
| 181 | 0 |
_ai _baxxe |
|
| 182 | 0 | _an | |
| 200 | 1 |
_aC'était à Berlin _eroman _fM. Aveline |
|
| 203 |
_aТекст _bвизуальный _cнепосредственный |
||
| 210 |
_aParis _cPlon-Nourrit et C-ie _d1913 |
||
| 215 | _d12° | ||
| 317 |
_aЭкз. РНБ (139/274): Из Библиотеки Издательства "Всемирная литература" _5NLR: 139/274 |
||
| 700 | 1 |
_aAveline _bM. |
|
| 712 | 0 | 2 |
_4390 _a"Всемирная литература", издательство _cЛенинград _bБиблиотека _3RU\NLR\AUTH\8810182036 _9860693 |
| 801 | 0 |
_aRU _bNLR |
|
| 801 | 1 |
_aRU _bNLR _2rusmarc |
|
| 830 | _aЭкз. "Всемирной лит." описан по карточке каталога Отделения "Б-ка всемирной лит." | ||
| 852 |
_aNLR _j139/274 |
||
| 942 | _cBOOK | ||
| 980 | _aNB | ||
| 980 | _aWL | ||